Công tác tư tưởng ở Đảng bộ quận Cái Răng thành phố Cần Thơ trong giai đoạn hiện nay Luận văn thạc sĩ Khoa học Chính trị. Chuyên ngành: Chính trị học. Mã số: 60 31 02 01

Tallennettuna:
Bibliografiset tiedot
Päätekijä: Nguyễn, Khánh Duy
Muut tekijät: Trần Viết Quang (Hướng dẫn)
Aineistotyyppi: Opinnäyte Kokoelma Kirja
Julkaistu: Đồng Tháp Đại học Vinh 2015
Aiheet:
Tagit: Lisää tagi
Ei tageja, Lisää ensimmäinen tagi!
Thư viện lưu trữ: Trung tâm Học liệu Lê Vũ Hùng, Trường Đại học Đồng Tháp
LEADER 01237ppm a22003018a 4500
001 00036478
005 20171026081025.0
008 170303s2015 ||||||Viesd
041 0 # |a Vie 
082 1 4 |b C455T  |a 320.07 
100 1 # |a Nguyễn, Khánh Duy 
245 0 0 |b Luận văn thạc sĩ Khoa học Chính trị. Chuyên ngành: Chính trị học. Mã số: 60 31 02 01  |c Nguyễn Khánh Duy;Trần Viết Quang(hướng dẫn)  |a Công tác tư tưởng ở Đảng bộ quận Cái Răng thành phố Cần Thơ trong giai đoạn hiện nay 
260 # # |a Đồng Tháp  |b Đại học Vinh  |c 2015 
300 # # |a 105tr.+ phụ lục  |c 30cm.  |e 1 bản tóm tắt 
500 # # |a ĐTTS ghi: Bộ giáo dục và đào tạo. Trường Đại học Vinh 
653 # # |a Chính trị 
653 # # |a Công tác 
653 # # |a Đảng bộ 
653 # # |a Luận văn 
653 # # |a Cần Thơ 
700 1 # |a Trần Viết Quang  |e Hướng dẫn 
852 # # |j LV.0001278 
852 # # |b Kho đọc SĐH  |j LV.0001278 
910 |d 03/03/2017 
980 # # |a Trung tâm Học liệu Lê Vũ Hùng, Trường Đại học Đồng Tháp